000 00909nam0a22002531 4500
001 rc\1019722
005 20260407131717.0
035 _a(NLR Aleph) 006184535
090 _a6101193
_c6101193
100 _a20041129d1981 u y0rusy50 ca
101 0 _arus
102 _aRU
105 _ay |||||||||
200 1 _aМировое значение творчества Леонида Леонова
_eСб. статей
_f[Ред.-сост. В. Ковалев]
210 _aМ.
_cСовременник
_d1981
215 _a367 с.
_d21
600 1 _aЛеонов
_bЛ.М.
_gЛеонид Максимович
_2psbo
702 1 _4220
_7ca
_8rus
_aКовалев
_bВ. А.
_cд-р филол. наук
_f1911-1999
_gВалентин Архипович
_92703955
_3RU\NLR\AUTH\770292018
801 0 _aRU
_bNLR
_gpsbo
801 1 _aRU
_bELAR
_2rusmarc
852 _aNLR
_j81-3/6621
942 _cBOOK
980 _aNB